| 000 | 01189cam a2200337 4500 | ||
|---|---|---|---|
| 001 | J128077 | ||
| 008 | 000000n2004 000 0 eng u | ||
| 035 | _a(Sirsi) u128077 | ||
| 041 | _aeng | ||
| 050 |
_a306 _h18 |
||
| 110 |
_aChartered Institute of Housing _92394 |
||
| 245 |
_aGood practice briefing _bturning empty properties into homes - issue 28 May 2004 |
||
| 260 |
_aCoventry _hChartered Institute of Housing _c2004 |
||
| 300 |
_a15p. _c30cm. |
||
| 350 | _a10 | ||
| 490 |
_aCIH Good Practice Briefing _v28 |
||
| 505 | _aEmpty properties in context | ||
| 505 | _aThe national picture | ||
| 505 | _aDeveloping an empty property strategy | ||
| 505 | _aBringing empty properties back into use | ||
| 505 | _aReusing empty commercial properties | ||
| 505 | _aReusing empty public sector properties | ||
| 520 | _aThis Briefing encourages landlords to take a proactive approach to securing the reuse of empty properties. References and websites. | ||
| 650 | _aREGISTERED SOCIAL LANDLORDS | ||
| 650 | _aEMPTY HOMES | ||
| 650 | _aEMPTY PROPERTIES | ||
| 650 | _aPROPERTY-COMMERCIAL PROPERTY | ||
| 650 | _aPUBLIC SECTOR PROPERTY | ||
| 690 | _aHOUSING | ||
| 942 | _n0 | ||
| 999 |
_c103868 _d103868 |
||